000 00681nam a2200241Ia 4500
003 OSt
005 20220925221200.0
006 a|||||r|||| 00| 0
007 ta
008 220923b |||||||| |||| 00| 0 eng d
037 _cGeneral Book
040 _aRTL
_cRTL
_beng
041 _2eng
_aeng
082 _aX6xM83:g, N0
100 _aBlaug Mark
_9127325
245 0 _aJohn maynard keynes
_bLife, ideas and legacy
260 _aLondon
_bMacmillan UK
_c1989
300 _axi,95p
_ccm.
490 _aInstitute of Economic Affairs Publication
650 _aKeynes
_9231657
942 _hX6xM83:g, N0
_cGB
_2CC
999 _c573523
_d573523